Metro stations Amsterdam - Statistieken

Algemene statistieken
  • Deze quiz is 33 keer genomen
  • De gemiddelde score is 19 van 39
Antwoordstatistieken
Hint Antwoord % Correct
51, 52, 53, 54 Centraal Station
96%
51, 53, 54 Amstelstation
91%
50, 54 Station Bijlmer Arena
91%
50, 51, 52 Station Zuid
91%
52 Noord
83%
50, 54 Gein
74%
50, 54 Station Duivendrecht
70%
52 Rokin
65%
50, 51 Isolatorweg
61%
50, 51 Station Sloterdijk
61%
51, 53, 54 Weesperplein
61%
50, 54 Station Holendrecht
57%
50, 53, 54 Van der Madeweg
57%
51, 53, 54 Waterlooplein
57%
53 Kraaiennest
52%
51, 53, 54 Nieuwmarkt
52%
53 Station Diemen Zuid
52%
51, 53, 54 Wibautstraat
52%
52 De Pijp
48%
52 Europaplein
48%
50, 51 RAI
48%
50, 51 Amstelveenseweg
43%
52 Noorderpark
43%
52 Vijzelgracht
43%
53 Gaasperplas
39%
50, 51 Heemstedestraat
39%
50, 51 Henk Sneevlietweg
39%
50, 51 Jan van Galenstraat
39%
50, 51 Overamstel
39%
50, 54 Bullewijk
35%
51, 53, 54 Spaklerweg
35%
50, 51 Station Lelylaan
35%
50, 51 De Vlugtlaan
26%
50, 54 Strandvliet
26%
50, 51 Postjesweg
22%
53 Ganzenhoef
17%
53 Venserpolder
17%
53 Verrijn Stuartweg
17%
50, 54 Reigersbos
9%
Geen overeenkomende quizzen gevonden
Scoreverdeling
Procent van Mensen met Elke Score
Percentiel versus Aantal Correcte Antwoorden
Uw Scoregeschiedenis
U heeft deze quiz nog niet genomen